Cápsulas /

Cápsulas (2003), como cinco años antes Elogio de la curiosidad (1998), es una colección de artículos periodísticos de Bunge, la mayor parte de ellos escritos para la agencia española de noticias EFE. Se refieren a personajes que Bunge ha tratado a lo largo de su carrera filosófica; a problemas que l...

תיאור מלא

שמור ב:
מידע ביבליוגרפי
מחבר ראשי: Bunge, Mario (autor)
פורמט: ספר
שפה:ספרדית
יצא לאור: Barcelona, España : Gedisa, 2003, c2003
סדרה:(Libertad y Cambio Gedisa)
נושאים:
תגים: הוספת תג
אין תגיות, היה/י הראשונ/ה לתייג את הרשומה!

MARC

LEADER 00000nam^a2200000^a^4500
001 000154139
005 20250521000000.0
009 20260310100343.898
020 |a 84-7432-952-3 
037 |a Acervo ITESO - Biblioteca 
041 |a ESP 
082 |a 864.  |b BUN 
100 |a Bunge, Mario  |e (autor) 
245 1 0 |a Cápsulas /  |c M. Bunge. 
264 4 |a Barcelona, España :  |b Gedisa,  |c 2003, c2003 
300 |a 255 p. 
336 |a texto  |b txt  |2 rdacontenido 
337 |a sin mediación  |b n  |2 rdamedio 
338 |a volumen  |b nc  |2 rdasoporte 
440 1 |a (Libertad y Cambio Gedisa) 
520 |a Cápsulas (2003), como cinco años antes Elogio de la curiosidad (1998), es una colección de artículos periodísticos de Bunge, la mayor parte de ellos escritos para la agencia española de noticias EFE. Se refieren a personajes que Bunge ha tratado a lo largo de su carrera filosófica; a problemas que le preocupan; a predicciones, tanto suyas como ajenas, o a fantasías que se le han ocurrido cuando se distraía de su trabajo profesional. 
545 0 |a Mario Bunge (Buenos Aires, 1919), físico y filósofo de la ciencia. Radica desde 1966 en Montreal, Canadá, donde ejerce la docencia en la Universidad McGill. Autor de más de una treintena de libros, en los que ha abordado asuntos sobre filosofía de la ciencia, ontología, ética, semántica, física, política científica, sociología y teoría de sistemas. Entre su amplia producción intelectual sobresalen Causalidad: el principio de causalidad en la ciencia moderna (1961), La investigación científica: su estrategia y su filosofía (1969), Filosofía de la física (1978) y su monumental Tratado de filosofía fundamental (1974-89). Reconocido en 1982 con el premio Príncipe de Asturias en Humanidades y Comunicación. 
586 |a Premio Príncipe de Asturias de Comunicación y Humanidades 1982 
649 |a XX 
650 |a Filósofos 
650 |a Artículos Periodísticos Argentinos 
650 |a Ensayos Argentinos 
650 |a Literatura y Periodismo -  |z Argentina 
650 |a Filosofía y Literatura -  |z Argentina 
650 |a Literatura Argentina -  |y Siglo XXI 
650 |a Predicción Social 
650 |a Sociología 
650 |a Epistemología 
650 |a Filosofía Argentina 
650 |a Filosofía Canadiense 
650 |a Filosofía del Siglo XX 
910 |a Fondo General 
920 |a Impresos - Libros 
930 |a Colección General 
940 |a Literatura 
905 |a 101 
901 |a 0500086581  |b IT1  |c LIT  |u 20250521 
902 |a https://opac.biblio.iteso.mx/vufind/Record/000154139